Sports Quiz

Random Sports or Baseball Quiz

Which Sports Moment? Quiz Stats

 Plays Quiz Updated Sep 4, 2018

Score 0/20 Timer 04:00
11 Plays Today
Question Answer Wrong Answers
Which is the 'Helmet Catch'? Helmet Catch
94.8%
Crosby Golden Goal
0.9%
Steal by Bird
0.3%
Gibson WS HR
1.7%
Which is 'One Yard Short'? One Yard Short
91.5%
Puckett WS Catch
2.1%
Bradbury Comeback Win
2.1%
Magic Sky Hook
1.9%
Which is the 'Malice at the Palace'? Malice at the Palace
90.4%
Hand of God
3%
One Yard Short
1.6%
Immaculate Reception
2.4%
Which is 'Wide Right'? Wide Right
88.1%
Touch 'Em All, Joe
4.1%
The Block
0.7%
Erving Finals Circus Layup
4.6%
Which is the 'Miracle on Ice'? Miracle on Ice
85.1%
Crosby's Golden Goal
3.9%
No Goal 99
3.5%
Bradbury's Unlikely Gold
5.1%
Which is 'The Shot'? The Shot
83.7%
The Malice at the Palace
0.7%
One Yard Short
0.6%
Orr Cup Winning Goal
12.6%
Which is 'The Fan Man'? The Fan Man
80.1%
Erving Circus Finals Layup
5.7%
Orr Cup Winning Goal
7.1%
Havlicek Stole the Ball
4.5%
Which is 'The Catch' (Baseball)? The Catch
79.2%
Buckner Through the Legs
1.3%
Puckett WS Catch
15.9%
Shot Heard 'Round the World
1.1%
Which is 'The Catch' (Football)? The Catch
78.5%
The Helmet Catch
10.6%
The Play
6.1%
Philly Special
2.4%
Which is the 'Hand of God'? Hand of God
75.3%
Music City Miracle
0.6%
OBJ one-handed catch
16.6%
Down Goes Frazier
5.1%
Which is the 'Music City Miracle'? Music City Miracle
72.2%
No Goal 99
7.8%
One Yard Short
10.6%
The Fan Man
6.9%
Which is 'The Block'? The Block
70.7%
Mutombo Not Today
14.8%
Magic Sky Hook
11.5%
Ali over Liston
0.6%
Which is 'Touch 'Em All, Joe'? Touch 'Em All, Joe
68.6%
The Shot
1.5%
Down Goes Frazier
9.6%
Gibson WS HR
17.8%
Which is 'The Play'? The Play
68.5%
The Helmet Catch
16.8%
The Block
6.7%
Touch 'Em All, Joe
5.4%
Which is the 'Philly Special'? Philly Special
65%
Erving Circus Finals Layup
13.8%
The Block
1.1%
Flyers Win the Cup
17.7%
Which is the 'Shot Heard 'Round the World'? Shot Heard 'Round the World
62.9%
Wide Right
1.7%
Down Goes Frazier
17.7%
Kirk Gibson WS Home Run
15.3%
Which is 'No Goal 99'? No Goal 99
58.3%
Orr Cup Winning Goal
27.8%
Hand of God
10.4%
Buckner Through the Legs
0.9%
Which is 'Ruth's Called Shot'? Ruth's Called Shot
57.9%
Shot Heard 'Round the World
22.7%
Robinson WS Stolen Base
15.5%
Flyers Win the Cup
1.5%
Which is the 'Immaculate Reception'? Immaculate Reception
56.9%
Philly Special
2.8%
OBJ One-Handed Catch
21.3%
The Catch (FB)
16.5%
Which is 'Down Goes Frazier'? Down Goes Frazier
34.3%
Malice at the Palace
0.5%
Ali over Liston
62%
Havlicek Stole the Ball
0.9%

You're not logged in!

Compare scores with friends on all Sporcle quizzes.
OR
Log In

Sporcle TV

Today on Sporcle TV


Watch our educational content, quiz creation guides, and fun videos on Sporcle TV.

Show Comments

Extras

Top Quizzes Today


Score Distribution

Your Account Isn't Verified!

In order to create a playlist on Sporcle, you need to verify the email address you used during registration. Go to your Sporcle Settings to finish the process.

Report this User

Report this user for behavior that violates our Community Guidelines.

Details: